Countries Closest to Jordan - Statistics

General Stats
  • This quiz has been taken 3,534 times
    3,511 since last reset
  • The average score is 17 of 21
Answer Stats
km country miles % Correct
0 Israel 0
97%
0 Saudi Arabia 0
97%
0 Iraq 0
96%
0 Syria 0
96%
601 Iran 374
95%
7 Egypt 4
94%
342 Turkey 213
94%
45 Lebanon 28
92%
291 Cyprus 181
86%
776 Kuwait 482
86%
887 Armenia 551
83%
937 Georgia 582
83%
868 Azerbaijan 539
81%
673 Greece 418
80%
971 Libya 603
73%
1269 Bahrain 788
71%
802 Sudan 499
69%
1122 Russia 697
66%
0 Palestine 0
64%
1233 Bulgaria 766
56%
1269 Eritrea 788
51%
No matching quizzes found
Score Distribution
Percent of People with Each Score
Percentile by Number Answered
Your Score History
You have not taken this quiz since the last reset